[Event "Gibtelecom Masters"]
[Site "Gibraltar"]
[Date "2008.01.28"]
[Round "7.8"]
[White "Socko, Bartosz"]
[Black "Banikas, Hristos"]
[Result "1-0"]
[WhiteElo "2635"]
[BlackElo "2592"]
[PlyCount "83"]
[EventDate "2008.01.22"]

1. d4 d5 2. c4 c6 3. e3 Nf6 4. Nf3 g6 5. Nc3 Bg7 6. b4 Bg4 7. Qb3 Bxf3 8. gxf3
O-O 9. f4 dxc4 10. Qxc4 Nbd7 11. Bg2 a5 12. Bd2 axb4 13. Qxb4 Ra7 14. O-O e6
15. Qb3 Nd5 16. a4 Qb6 17. Qc2 Rfa8 18. a5 Qd8 19. Na4 Bf8 20. Rab1 Bd6 21. Nb2
Bc7 22. Nc4 Qh4 23. Rb3 N7f6 24. h3 Ne8 25. Rfb1 Rb8 26. Ne5 Qd8 27. Qc5 Ra6
28. Rxb7 Rxb7 29. Rxb7 Qa8 30. Rb1 Bd6 31. Qc2 Ne7 32. Rc1 Bxe5 33. fxe5 Qb7
34. Rb1 Qc8 35. Qc5 Nd5 36. Bf1 Ra8 37. e4 Ndc7 38. Qxc6 Qd8 39. Qc5 Rc8 40.
Bh6 Ng7 41. Qd6 Qh4 42. Qxc7 1-0

[Event "Gibtelecom Masters"]
[Site "Gibraltar"]
[Date "2008.01.28"]
[Round "7.10"]
[White "Petrosian, Tigran L"]
[Black "Hammer, Jon Ludvig"]
[Result "1-0"]
[WhiteElo "2606"]
[BlackElo "2441"]
[PlyCount "123"]
[EventDate "2008.01.22"]

1. e4 e5 2. Nf3 Nf6 3. Nxe5 d6 4. Nc4 Nxe4 5. Nc3 Nxc3 6. bxc3 Be7 7. d4 O-O 8.
Bd3 Bf6 9. O-O Nd7 10. Ne3 Nb6 11. Ng4 Be7 12. Qf3 f5 13. Ne3 g6 14. a4 a5 15.
Re1 Kg7 16. c4 Bf6 17. c3 Bd7 18. Bd2 Bc6 19. Nxf5+ Kh8 20. d5 Bxa4 21. Nh6 Qd7
22. Re6 Qg7 23. Qh3 Bd7 24. Ng4 Bxe6 25. dxe6 Bxc3 26. Bh6 Qd4 27. Rd1 Bb2 28.
Re1 Qc3 29. Re2 Bc1 30. Bxf8 Rxf8 31. e7 Re8 32. Bxg6 Qxh3 33. gxh3 hxg6 34.
Nf6 Ra8 35. Nd5 Nxd5 36. e8=Q+ Rxe8 37. Rxe8+ Kg7 38. cxd5 a4 39. Re7+ Kf6 40.
Rxc7 Bb2 41. Rxb7 a3 42. Ra7 Ke5 43. Ra4 Kxd5 44. Kf1 Ke5 45. Ke2 d5 46. f4+
Kf6 47. h4 d4 48. Kf3 Ke6 49. Ke4 Kf6 50. Ra7 Ke6 51. Ra6+ Kf7 52. h5 gxh5 53.
f5 Kg7 54. Ra7+ Kf8 55. h4 Kg8 56. f6 d3 57. Kf5 Bxf6 58. Kxf6 d2 59. Rg7+ Kh8
60. Rg1 a2 61. Kg6 Kg8 62. Rf1 1-0

[Event "Gibtelecom Masters"]
[Site "Gibraltar"]
[Date "2008.01.28"]
[Round "7.11"]
[White "Bellin, Robert"]
[Black "Malakhatko, Vadim"]
[Result "0-1"]
[WhiteElo "2385"]
[BlackElo "2600"]
[PlyCount "88"]
[EventDate "2008.01.22"]

1. d4 d5 2. Nf3 Nf6 3. e3 Bf5 4. c4 c6 5. Nc3 e6 6. Be2 h6 7. O-O Nbd7 8. b3
Bd6 9. Bb2 O-O 10. Rc1 Re8 11. Nh4 Bh7 12. g3 Bf8 13. a3 a6 14. c5 e5 15. Na4
e4 16. Qd2 Qe7 17. Ng2 Bf5 18. Qd1 Bh3 19. Re1 g5 20. Bc3 Qe6 21. Ba5 Qf5 22.
Rf1 Re6 23. Nc3 Rae8 24. Nb1 h5 25. f4 exf3 26. Rxf3 Qg6 27. Bd3 Ne4 28. Rf1 f5
29. Nd2 Nxd2 30. Bxd2 Nf6 31. Rc2 Ne4 32. Bc1 Be7 33. Bd2 Bd8 34. Be1 Bc7 35.
Kh1 R6e7 36. Qb1 Rg7 37. Rb2 Qh6 38. b4 Kh8 39. a4 h4 40. gxh4 gxh4 41. Rf3
Bxg2+ 42. Rxg2 Rxg2 43. Kxg2 Rg8+ 44. Kf1 Qg5 0-1

[Event "Gibtelecom Masters"]
[Site "Gibraltar"]
[Date "2008.01.28"]
[Round "7.12"]
[White "Paehtz, Elisabeth"]
[Black "Sandipan, Chanda"]
[Result "1/2-1/2"]
[WhiteElo "2420"]
[BlackElo "2593"]
[PlyCount "118"]
[EventDate "2008.01.22"]

1. e4 c5 2. c3 e6 3. d4 d5 4. exd5 exd5 5. Nf3 Bd6 6. Bb5+ Nc6 7. dxc5 Bxc5 8.
O-O Nge7 9. Nbd2 O-O 10. Nb3 Bb6 11. Re1 Bg4 12. Be3 Bxe3 13. Rxe3 Nf5 14. Re1
Nd6 15. Be2 Nc4 16. Qc2 Qf6 17. Nfd4 Bxe2 18. Rxe2 g6 19. Rae1 Rfd8 20. Qd3
Rac8 21. Nxc6 Qxc6 22. Nd4 Qf6 23. Qg3 Nd6 24. Qd3 a5 25. Nf3 Ne4 26. Qb5 Qa6
27. Qxa6 bxa6 28. Nd2 Nf6 29. Re5 Rb8 30. b3 a4 31. f3 Rdc8 32. Rc1 Rb5 33. Re7
Ra5 34. b4 Rb5 35. a3 a5 36. Ree1 Kg7 37. Kf2 Rb6 38. bxa5 Ra6 39. Re7 Kf8 40.
Rb7 Rxa5 41. Rb4 Ne8 42. Nf1 Nc7 43. Ne3 Ne6 44. Rc2 Rac5 45. Rd2 Rxc3 46. Nxd5
Rxa3 47. Nb6 Re8 48. Rxa4 Rb3 49. Nc4 Rc3 50. Nd6 Rd8 51. Ne4 Rxd2+ 52. Nxd2 g5
53. Rc4 Ra3 54. h4 h6 55. hxg5 hxg5 56. Rc2 Kg7 57. Nc4 Rb3 58. Ne3 Kg6 59. Rd2
Ra3 1/2-1/2

[Event "Gibtelecom Masters"]
[Site "Gibraltar"]
[Date "2008.01.28"]
[Round "7.16"]
[White "Butnorius, Algimantas"]
[Black "Felgaer, Ruben"]
[Result "0-1"]
[WhiteElo "2441"]
[BlackElo "2539"]
[PlyCount "59"]
[EventDate "2008.01.22"]

1. d4 Nf6 2. Nf3 c5 3. d5 b5 4. Bg5 Ne4 5. Bf4 Bb7 6. Qd3 f5 7. Nbd2 c4 8. Qd4
Na6 9. Nxe4 fxe4 10. Qxe4 Nb4 11. O-O-O e6 12. Qe5 Bxd5 13. e4 Nc6 14. Qh5+ g6
15. Qh3 Bxe4 16. Ng5 Qf6 17. Qe3 Bf5 18. g4 Bxc2 19. Nxe6 dxe6 20. Bg2 Nb4 21.
Bxa8 Bg7 22. Rd8+ Qxd8 23. Qxe6+ Qe7 24. Bc6+ Kd8 25. Qxe7+ Kxe7 26. Bg5+ Kd6
27. Bxb5 Bd3 28. Re1 c3 29. bxc3 Bxc3 30. Be7+ 0-1

[Event "Gibtelecom Masters"]
[Site "Gibraltar"]
[Date "2008.01.28"]
[Round "7.17"]
[White "Hebden, Mark L"]
[Black "Foisor, Cristina Adela"]
[Result "1-0"]
[WhiteElo "2530"]
[BlackElo "2412"]
[PlyCount "141"]
[EventDate "2008.01.22"]

1. d4 g6 2. e4 c6 3. Nc3 d5 4. Nf3 Bg7 5. h3 Nf6 6. e5 Ne4 7. Nxe4 dxe4 8. Ng5
c5 9. d5 Bxe5 10. Nxe4 Nd7 11. c3 O-O 12. Bh6 Re8 13. Be2 Nf6 14. Nxf6+ exf6
15. O-O f5 16. Bb5 Bd7 17. Bxd7 Qxd7 18. Qf3 Re7 19. Rad1 Rae8 20. Rd2 Bd6 21.
Bg5 Re4 22. Qd1 Kg7 23. f3 R4e5 24. c4 f6 25. Bh4 f4 26. Bf2 b6 27. Re1 h5 28.
Rde2 g5 29. Rxe5 Rxe5 30. Rxe5 fxe5 31. Be1 b5 32. cxb5 Qxb5 33. Bc3 c4 34. Qd2
Kh6 35. Kf1 a6 36. a3 Kg7 37. h4 gxh4 38. Qxf4 Qxd5 39. Qg5+ Kf8 40. Qf5+ Ke7
41. Ke2 Qg8 42. Kf1 Qd5 43. Qh7+ Qf7 44. Qe4 Qf4 45. Qb7+ Ke6 46. Qc8+ Ke7 47.
Qb7+ Ke6 48. Qxa6 Qc1+ 49. Be1 h3 50. gxh3 Qc2 51. Qc8+ Kd5 52. Qb7+ Ke6 53.
Qe4 Qxb2 54. Qxc4+ Kd7 55. a4 Qa3 56. Ke2 Qb2+ 57. Bd2 Qa1 58. Qf7+ Kc6 59.
Qxh5 Kb7 60. Qf7+ Bc7 61. a5 Qg1 62. Qd5+ Kb8 63. Be3 Qg2+ 64. Bf2 e4 65. Qb5+
Kc8 66. Qe8+ Bd8 67. Qe6+ Kb8 68. Qe5+ Bc7 69. Qe8+ Kb7 70. Qxe4+ Kb8 71. a6
1-0

[Event "Gibtelecom Masters"]
[Site "Gibraltar"]
[Date "2008.01.28"]
[Round "7.19"]
[White "Wang Yu A"]
[Black "Cramling, Pia"]
[Result "1-0"]
[WhiteElo "2391"]
[BlackElo "2524"]
[PlyCount "79"]
[EventDate "2008.01.22"]

1. e4 c5 2. Nf3 a6 3. Nc3 b5 4. d4 cxd4 5. Nxd4 Bb7 6. Bd3 d6 7. O-O Nf6 8. Re1
Nbd7 9. a4 bxa4 10. Nxa4 e6 11. Bd2 Be7 12. Nb3 Qc7 13. Ba5 Qb8 14. Bc3 Bc6 15.
Nd4 Bb5 16. Qe2 Bxd3 17. Qxd3 Qb7 18. Nb3 O-O 19. f3 Rfc8 20. Kh1 Qb5 21. Nd4
Qb7 22. b3 Ne5 23. Qd2 Nc6 24. Nxc6 Rxc6 25. Bb4 Rac8 26. c3 Nd7 27. Nb2 Nc5
28. Qd1 h6 29. Ra3 d5 30. exd5 exd5 31. Qxd5 Re6 32. Qd2 Rd8 33. Qf2 a5 34.
Rxe6 axb4 35. Rxe7 bxa3 36. Rxb7 axb2 37. Qf1 Nxb7 38. Qb1 Nc5 39. h4 Rd2 40.
Kh2 1-0

[Event "Gibtelecom Masters"]
[Site "Gibraltar"]
[Date "2008.01.28"]
[Round "7.20"]
[White "Karim, Ismael"]
[Black "Zhao Xue"]
[Result "0-1"]
[WhiteElo "2347"]
[BlackElo "2517"]
[PlyCount "107"]
[EventDate "2008.01.22"]

1. e4 c5 2. Nf3 d6 3. Nc3 a6 4. d4 cxd4 5. Nxd4 Nf6 6. Be3 e5 7. Nf3 Be7 8. Bc4
O-O 9. O-O Nc6 10. a3 Be6 11. Qd3 b5 12. Ba2 Na5 13. Nd5 Bxd5 14. Bxd5 Nxd5 15.
Qxd5 Qc7 16. a4 Rab8 17. axb5 Rxb5 18. Qd2 f5 19. Ng5 Nc4 20. Qc3 Qc8 21. exf5
d5 22. b3 Nxe3 23. Qxe3 Rxf5 24. Nf3 Bc5 25. Qd2 Bb4 26. Qe2 Bc3 27. Ra4 Qc6
28. Nh4 Rf7 29. Qg4 Rb8 30. Qe2 a5 31. Nf3 Rbf8 32. Qe3 Rf5 33. Nh4 Rh5 34. Nf3
Qc7 35. h3 Rhf5 36. Rh4 Bb4 37. Kh1 Bc5 38. Qd2 e4 39. Nd4 Bxd4 40. Qxd4 Qxc2
41. Rg4 R8f7 42. Rg3 h6 43. Kg1 Kh7 44. Qb6 Qd2 45. Qe3 Qb4 46. Rd1 Rxf2 47.
Rxd5 Rf1+ 48. Kh2 Re1 49. Qd4 Qxd4 50. Rxd4 Re7 51. Rc3 e3 52. Rdd3 Kg6 53. Kg3
Kf5 54. Kf3 0-1

[Event "Gibtelecom Masters"]
[Site "Gibraltar"]
[Date "2008.01.28"]
[Round "7.21"]
[White "Szabo, Krisztian"]
[Black "Aloma Vidal, Robert"]
[Result "1/2-1/2"]
[WhiteElo "2500"]
[BlackElo "2393"]
[PlyCount "126"]
[EventDate "2008.01.22"]

1. e4 Nf6 2. e5 Nd5 3. d4 d6 4. Nf3 dxe5 5. Nxe5 Nd7 6. Nf3 e6 7. c4 Bb4+ 8.
Nbd2 N5f6 9. Be2 b6 10. Qa4 Bd6 11. Ne5 Bb7 12. Nc6 Bxc6 13. Qxc6 O-O 14. Nf3
Bb4+ 15. Kf1 Bd6 16. g3 e5 17. dxe5 Bxe5 18. Kg2 Re8 19. Re1 Re6 20. Qa4 Qe8
21. Nxe5 Nxe5 22. Qxe8+ Raxe8 23. Bf1 c5 24. b3 Kf8 25. Bb2 Nc6 26. Rad1 Rd8
27. Rxd8+ Nxd8 28. f3 Rd6 29. Bc3 Nc6 30. Kf2 Ne8 31. h4 Nc7 32. Be2 Ne6 33.
Rd1 Ned4 34. Bf1 a5 35. Rd2 Rd8 36. Bd3 f5 37. Bb1 g6 38. g4 fxg4 39. fxg4 Ke7
40. Kg3 Rd6 41. Rf2 a4 42. bxa4 Ne5 43. h5 Nxc4 44. Kh4 Ne5 45. Be4 Nf7 46. Bd2
Rf6 47. Rxf6 Kxf6 48. g5+ Ke6 49. hxg6 hxg6 50. Kg4 Ne5+ 51. Kg3 Nf5+ 52. Kf2
Nd6 53. Bc2 Nf5 54. a5 bxa5 55. Bxa5 Kd5 56. Bd2 Nd4 57. Bb1 c4 58. a4 Nd3+ 59.
Bxd3 cxd3 60. a5 Ne6 61. Kf3 Kc6 62. Ke4 Kb5 63. Kxd3 Nxg5 1/2-1/2

[Event "Gibtelecom Masters"]
[Site "Gibraltar"]
[Date "2008.01.28"]
[Round "7.22"]
[White "Rodriguez Lopez, Rafael"]
[Black "Leon Hoyos, Manuel"]
[Result "0-1"]
[WhiteElo "2285"]
[BlackElo "2495"]
[PlyCount "90"]
[EventDate "2008.01.22"]

1. d4 g6 2. Nf3 Bg7 3. c4 c5 4. d5 b5 5. e4 b4 6. Bd3 d6 7. h3 Nf6 8. O-O O-O
9. Re1 Nbd7 10. Bf1 h6 11. a4 Re8 12. Ra2 e5 13. b3 Nh5 14. g3 Nf8 15. Bg2 Nh7
16. Nbd2 Bd7 17. Nf1 Rf8 18. Kh2 Qe7 19. Ng1 Rae8 20. Ne3 N5f6 21. h4 Kh8 22.
f3 Nh5 23. Bh3 f5 24. Ng2 N7f6 25. exf5 gxf5 26. g4 f4 27. gxh5 Nxh5 28. Bxd7
Qxd7 29. Nh3 Bf6 30. Nf2 Qd8 31. Ne4 Rg8 32. Rh1 Ng3 33. Nxg3 Rxg3 34. Kg1 Qd7
35. Kf1 Qf5 36. Rf2 Reg8 37. Ne1 Qg6 38. Rhh2 Rg1+ 39. Ke2 e4 40. Bxf4 Bc3 41.
Rf1 Rxf1 42. Kxf1 Qg1+ 43. Ke2 exf3+ 44. Nxf3 Re8+ 45. Ne5 Qg4+ 0-1

[Event "Gibtelecom Masters"]
[Site "Gibraltar"]
[Date "2008.01.28"]
[Round "7.23"]
[White "Socko, Monika"]
[Black "Forsaa, Espen"]
[Result "1/2-1/2"]
[WhiteElo "2479"]
[BlackElo "2285"]
[PlyCount "116"]
[EventDate "2008.01.22"]

1. e4 c5 2. Nf3 d6 3. Bb5+ Nd7 4. d4 Ngf6 5. e5 Qa5+ 6. Nc3 Ne4 7. a4 Nxc3 8.
bxc3 a6 9. Bxd7+ Bxd7 10. O-O Bg4 11. exd6 O-O-O 12. Qd3 exd6 13. Ng5 Qc7 14.
f3 Bh5 15. Qf5+ Qd7 16. Qxd7+ Rxd7 17. Bf4 Bg6 18. Rfe1 Be7 19. Ne4 f5 20. Ng3
Bh4 21. dxc5 Bxg3 22. hxg3 dxc5 23. Re5 b6 24. Rb1 Kb7 25. Re6 b5 26. axb5 a5
27. Ra6 Ra8 28. Rxa8 Kxa8 29. Be3 f4 30. gxf4 Bxc2 31. Rb2 Bd3 32. Bxc5 Rd5 33.
Bd4 g6 34. b6 Kb7 35. Ra2 Bc4 36. Ra1 Bb3 37. Re1 Rd7 38. Re5 Ka6 39. Re8 Kb7
40. Re5 Ka6 41. Kf2 a4 42. Bc5 Kb5 43. Ke3 Bd5 44. Re7 Rxe7+ 45. Bxe7 Kxb6 46.
Kd4 Kc6 47. Ke5 Bc4 48. Kf6 Bf1 49. g3 Be2 50. Kg7 Bxf3 51. Kxh7 Be4 52. Kg7
Kd5 53. Kf6 Kc4 54. Bb4 a3 55. Bxa3 Kxc3 56. g4 Kc4 57. Ke5 Bb1 58. Bc1 Bc2
1/2-1/2

[Event "Gibtelecom Masters"]
[Site "Gibraltar"]
[Date "2008.01.28"]
[Round "7.24"]
[White "Danielmeier, Ralf"]
[Black "Cmilyte, Viktorija"]
[Result "0-1"]
[WhiteElo "2112"]
[BlackElo "2475"]
[PlyCount "72"]
[EventDate "2008.01.22"]

1. e4 c5 2. Nc3 Nc6 3. g3 g6 4. Bg2 Bg7 5. d3 d6 6. Be3 e5 7. f4 Nge7 8. Nf3
Nd4 9. O-O exf4 10. Bxf4 O-O 11. Qd2 Qb6 12. Bh6 Nxf3+ 13. Bxf3 Bxh6 14. Qxh6
Qxb2 15. Ne2 Qg7 16. Qh4 Nc6 17. Qf4 Ne5 18. Rab1 Rb8 19. d4 cxd4 20. Nxd4 Be6
21. a4 Bc4 22. Rfd1 b6 23. Nb5 Bxb5 24. Rxb5 Rbc8 25. a5 bxa5 26. Rxa5 g5 27.
Qf5 Nc4 28. Rad5 Ne3 29. Qxg5 Nxd5 30. Qxd5 Qc3 31. Qg5+ Kh8 32. Qf4 Qe5 33.
Rxd6 Qxf4 34. gxf4 Rxc2 35. Ra6 Rg8+ 36. Kf1 Rb8 0-1

[Event "Gibtelecom Masters"]
[Site "Gibraltar"]
[Date "2008.01.28"]
[Round "7.25"]
[White "Arakhamia-Grant, Ketevan"]
[Black "Houska, Jovanka"]
[Result "1/2-1/2"]
[WhiteElo "2457"]
[BlackElo "2393"]
[PlyCount "111"]
[EventDate "2008.01.22"]

1. e4 c6 2. d4 d5 3. e5 c5 4. dxc5 e6 5. a3 Bxc5 6. Qg4 g6 7. b4 Bf8 8. Bd3 Nd7
9. Nf3 Bg7 10. Bb2 Ne7 11. O-O O-O 12. Nbd2 Qc7 13. Rfe1 Nc6 14. Qg3 a6 15. c4
Nb6 16. Rac1 dxc4 17. Nxc4 Nxc4 18. Rxc4 Rd8 19. Be4 Bd7 20. h4 h5 21. Bb1 Be8
22. Ng5 Qb8 23. Nf3 Qa7 24. Qg5 b5 25. Rc5 Bf8 26. Rcc1 a5 27. Be4 Rac8 28. g4
hxg4 29. Qxg4 axb4 30. axb4 Nxb4 31. Rxc8 Rxc8 32. h5 Rc4 33. hxg6 fxg6 34.
Qxe6+ Qf7 35. Ng5 Qxe6 36. Nxe6 Bh6 37. Nd4 Bg7 38. Ne6 Bh6 39. Nd4 Bg7 40. Bb1
Kh7 41. Kg2 Nc6 42. Ne6 Rg4+ 43. Kf3 Rb4 44. Nxg7 Kxg7 45. Ba1 Nd4+ 46. Ke3 Ne6
47. Ba2 Bf7 48. Bd5 g5 49. Bc3 Rh4 50. Rb1 Rh3+ 51. f3 Nc7 52. e6+ Kf8 53. Bb4+
Kg7 54. Bc3+ Kf8 55. Bb4+ Kg7 56. Bc3+ 1/2-1/2

[Event "Gibtelecom Masters"]
[Site "Gibraltar"]
[Date "2008.01.28"]
[Round "7.26"]
[White "Devereaux, Maxim L"]
[Black "Mikhalevski, Victor"]
[Result "0-1"]
[WhiteElo "2348"]
[BlackElo "2632"]
[PlyCount "90"]
[EventDate "2008.01.22"]

1. d4 d5 2. c4 dxc4 3. Nf3 c6 4. a4 Nf6 5. Nc3 e6 6. e3 c5 7. Bxc4 Nc6 8. O-O
a6 9. Qe2 Qc7 10. Rd1 Be7 11. Bd2 O-O 12. Rac1 cxd4 13. exd4 Rd8 14. Be3 Qa5
15. Bb3 Nb4 16. Ne5 Bd7 17. Qf3 Bc6 18. Nxc6 bxc6 19. Ne4 Nxe4 20. Qxe4 Qh5 21.
Bd2 Rab8 22. Bc4 Nd5 23. Be2 Nf6 24. Qd3 Qh4 25. Bc3 Ra8 26. g3 Qh3 27. Bf1 Qh5
28. Bg2 Nd5 29. Be1 Rd6 30. Rc4 Bf6 31. Rc5 g6 32. Rdc1 Rb8 33. b3 Qg4 34. R5c4
Kg7 35. h3 Qf5 36. Qd1 Nb6 37. g4 Qg5 38. Bd2 Qh4 39. Rxc6 Rxd4 40. Qe2 Nd5 41.
Rxa6 Rxb3 42. Ra7 Nf4 43. Bxf4 Rxf4 44. Rc2 Bd4 45. Rd7 Bxf2+ 0-1

[Event "Gibtelecom Masters"]
[Site "Gibraltar"]
[Date "2008.01.28"]
[Round "7.27"]
[White "Vul, Arkadi Eremeevich"]
[Black "Kritz, Leonid"]
[Result "0-1"]
[WhiteElo "2337"]
[BlackElo "2592"]
[PlyCount "128"]
[EventDate "2008.01.22"]

1. Nf3 c5 2. c4 b6 3. g3 Bb7 4. Bg2 Nf6 5. Nc3 e6 6. O-O Be7 7. d4 cxd4 8. Qxd4
d6 9. Rd1 a6 10. b3 Nbd7 11. e4 Qc8 12. Bb2 O-O 13. Rac1 Rd8 14. Qe3 Qc7 15.
Nd4 Re8 16. h3 Bf8 17. g4 h6 18. Qe2 Ne5 19. Qd2 Rad8 20. g5 hxg5 21. Qxg5 Ng6
22. Nde2 Be7 23. Qg3 Qb8 24. Nf4 Ne5 25. Nd3 Nh5 26. Qe3 Nd7 27. Qe2 Nhf6 28.
f4 Nh7 29. Kh1 Qa8 30. Rg1 Bf8 31. Kh2 Qb8 32. Bf3 Nc5 33. Nxc5 dxc5 34. e5
Bxf3 35. Qxf3 Rd2+ 36. Rg2 Red8 37. Ne4 Rxg2+ 38. Qxg2 Rd7 39. Rg1 Qd8 40. Qg4
Rd3 41. Qe2 Rd7 42. Qg4 b5 43. Nd6 Qa5 44. Rg2 Qe1 45. Rg1 Qd2+ 46. Rg2 Qd3 47.
Qe2 Qxe2 48. Rxe2 Bxd6 49. Rd2 Bxe5 50. Rxd7 Bxb2 51. Rd8+ Nf8 52. cxb5 axb5
53. a4 c4 54. a5 Bf6 55. a6 Bxd8 56. a7 cxb3 57. a8=Q b2 58. Qa2 Bf6 59. Qb3
Ng6 60. Kg3 Ne7 61. Qxb5 g6 62. Qb8+ Kg7 63. Kf2 Nc6 64. Qb5 Na5 0-1

[Event "Gibtelecom Masters"]
[Site "Gibraltar"]
[Date "2008.01.28"]
[Round "7.28"]
[White "Al-Modiahki, Mohamad"]
[Black "Dimitrov, Radoslav"]
[Result "1-0"]
[WhiteElo "2569"]
[BlackElo "2341"]
[PlyCount "99"]
[EventDate "2008.01.22"]

1. e4 c6 2. d4 d5 3. e5 Bf5 4. Nf3 e6 5. Be2 c5 6. Be3 Qb6 7. Nc3 Nc6 8. O-O c4
9. Rb1 Nh6 10. Bxc4 dxc4 11. d5 Qa5 12. dxc6 bxc6 13. Qe2 Qa6 14. Bxh6 gxh6 15.
Ne4 O-O-O 16. b3 c5 17. bxc4 Qc6 18. Nf6 Be7 19. Rb3 Kc7 20. Rfb1 Rb8 21. Nh4
Bxf6 22. Nxf5 exf5 23. exf6 Rhe8 24. Qd2 Rxb3 25. cxb3 Qxf6 26. Rd1 Qe6 27. g3
h5 28. Qf4+ Qe5 29. Rd5 Qxf4 30. Rxc5+ Kd6 31. Rd5+ Ke6 32. gxf4 Rg8+ 33. Kf1
Rg4 34. Rd4 Rh4 35. Kg2 Rg4+ 36. Kh1 Rg8 37. c5 h4 38. h3 Ke7 39. Ra4 Ke6 40.
Rd4 Ke7 41. b4 Rc8 42. Kg2 a5 43. a3 axb4 44. axb4 Ra8 45. c6 Ra3 46. b5 Rc3
47. Rd7+ Ke6 48. Rd8 Ke7 49. Rh8 Kd6 50. b6 1-0

[Event "Gibtelecom Masters"]
[Site "Gibraltar"]
[Date "2008.01.28"]
[Round "7.29"]
[White "Klinova, Masha"]
[Black "Jones, Gawain C B"]
[Result "0-1"]
[WhiteElo "2315"]
[BlackElo "2562"]
[PlyCount "56"]
[EventDate "2008.01.22"]

1. e4 c5 2. Nf3 g6 3. c3 d5 4. exd5 Qxd5 5. d4 Bg7 6. Qb3 Qxb3 7. axb3 cxd4 8.
Nxd4 Bxd4 9. cxd4 Nc6 10. Be3 Nf6 11. Bc4 O-O 12. O-O Rd8 13. Nc3 Be6 14. Rfd1
Bd5 15. Na4 Na5 16. Bxd5 Nxd5 17. Nc5 b6 18. Ra3 Nb4 19. h3 e5 20. Ra4 Nac6 21.
Na6 Nxa6 22. Rxa6 exd4 23. Bd2 Rac8 24. b4 Rd7 25. b5 Nd8 26. Bh6 f6 27. Ra3 g5
28. h4 Nf7 0-1

[Event "Gibtelecom Masters"]
[Site "Gibraltar"]
[Date "2008.01.28"]
[Round "7.30"]
[White "Vonthron, Horst"]
[Black "Hillarp Persson, Tiger"]
[Result "0-1"]
[WhiteElo "2308"]
[BlackElo "2535"]
[PlyCount "79"]
[EventDate "2008.01.22"]

1. e4 c5 2. Nf3 d6 3. d4 cxd4 4. Nxd4 Nf6 5. Nc3 a6 6. Bc4 e6 7. Bb3 b5 8. O-O
Be7 9. Qf3 Qb6 10. Be3 Qb7 11. Qg3 b4 12. Na4 Nbd7 13. f3 O-O 14. c3 bxc3 15.
Nxc3 Nc5 16. Bc4 Bd7 17. Rab1 Rfc8 18. Be2 Rab8 19. Rfc1 e5 20. Nf5 Bxf5 21.
exf5 Ncd7 22. f4 e4 23. Qf2 d5 24. Na4 Qb4 25. b3 Rxc1+ 26. Rxc1 Qa3 27. Rc6
Qxa2 28. Bd1 Qa1 29. Rc1 Qa3 30. Rc6 Qa1 31. Rc1 Qa3 32. Rc6 h6 33. h3 a5 34.
g4 Rxb3 35. Bxb3 Qxb3 36. Rc8+ Kh7 37. g5 Qxa4 38. Qg2 Qd1+ 39. Kh2 hxg5 40.
fxg5 0-1

[Event "Gibtelecom Masters"]
[Site "Gibraltar"]
[Date "2008.01.28"]
[Round "7.31"]
[White "Urbina Perez, Juan Antonio"]
[Black "Karlsson, Lars"]
[Result "0-1"]
[WhiteElo "2241"]
[BlackElo "2488"]
[PlyCount "134"]
[EventDate "2008.01.22"]

1. e4 g6 2. d4 Bg7 3. Nf3 d6 4. c3 Nf6 5. Bd3 O-O 6. O-O Nc6 7. d5 Nb8 8. c4 c5
9. Nc3 Bg4 10. Rb1 Nbd7 11. h3 Bxf3 12. Qxf3 Ne8 13. Bg5 a6 14. Qe3 Nc7 15. Bh6
Bd4 16. Qd2 Re8 17. Be3 e5 18. dxe6 Nxe6 19. Nd5 Nf6 20. Bf4 Nxd5 21. exd5 Nxf4
22. Qxf4 Re5 23. b4 Qc7 24. Kh1 Rae8 25. Qd2 cxb4 26. Qxb4 b6 27. Rbe1 Bc5 28.
Rxe5 Rxe5 29. Qd2 Qe7 30. g3 a5 31. Kg2 Qe8 32. Qc2 a4 33. f4 Re3 34. Qd2 a3
35. Rf3 Re1 36. Rf1 Re3 37. Rf3 Re1 38. Rf1 Re7 39. f5 Re3 40. Rf3 Rxf3 41.
Kxf3 Qe5 42. fxg6 hxg6 43. Qe2 Qa1 44. h4 Bd4 45. Qc2 Be5 46. Kg2 Kg7 47. h5
gxh5 48. Qe2 Qb2 49. Kh3 Qc1 50. Qf3 Qd2 51. Qe2 Qg5 52. Qf3 Qd2 53. Qe2 Qg5
54. Qf3 Kf8 55. Bc2 Ke7 56. Bd3 Qc1 57. Be2 Qe1 58. Kh4 Qg1 59. Kh3 Qb1 60.
Qxh5 Qxa2 61. Qg5+ Bf6 62. Qe3+ Be5 63. Qg5+ Bf6 64. Qe3+ Kf8 65. Qh6+ Ke8 66.
Bh5 Qa1 67. Qe3+ Qe5 0-1

[Event "Gibtelecom Masters"]
[Site "Gibraltar"]
[Date "2008.01.28"]
[Round "7.32"]
[White "Rosberg, Simon"]
[Black "Al Sayed, Mohamad N"]
[Result "1/2-1/2"]
[WhiteElo "2246"]
[BlackElo "2486"]
[PlyCount "152"]
[EventDate "2008.01.22"]

1. d4 d5 2. c4 c6 3. Nf3 Nf6 4. Qb3 dxc4 5. Qxc4 Bf5 6. g3 Nbd7 7. Bg2 e6 8.
O-O Be7 9. e3 O-O 10. Qe2 Ne4 11. Nc3 Qa5 12. Nxe4 Bxe4 13. Bd2 Qh5 14. Rfe1
Rfd8 15. Bc3 a5 16. Ne5 Qxe2 17. Rxe2 Bxg2 18. Kxg2 Nxe5 19. dxe5 b5 20. Rd2 b4
21. Rxd8+ Rxd8 22. Be1 f5 23. Rc1 c5 24. Kf1 g5 25. f4 Kf7 26. Ke2 gxf4 27.
exf4 h5 28. Bf2 Rd5 29. b3 Ke8 30. h3 Kd7 31. g4 fxg4 32. hxg4 hxg4 33. Rg1 Ke8
34. Rxg4 Kf7 35. Rg1 a4 36. Be3 a3 37. Bf2 Rd8 38. Rc1 Rh8 39. Kd3 Rh2 40. Rc2
Kg6 41. Be3 Rh3 42. Ke4 Rh1 43. Rg2+ Kf7 44. Rc2 Ra1 45. Kd3 Kg6 46. Kc4 Rb1
47. Bxc5 Rb2 48. Rc1 Bxc5 49. Kxc5 Rxa2 50. Kxb4 Kf5 51. Rf1 Kg6 52. Ka4 Kf5
53. b4 Ke4 54. Kb3 Re2 55. Kxa3 Kd5 56. Ka4 Kc6 57. f5 exf5 58. Rxf5 Ra2+ 59.
Kb3 Re2 60. Rh5 Re1 61. Kc4 Re4+ 62. Kc3 Kd5 63. Kb3 Rg4 64. Ka4 Rg8 65. e6+
Kxe6 66. Rc5 Kd6 67. Kb5 Rb8+ 68. Kc4 Rh8 69. Kb5 Rb8+ 70. Ka4 Ra8+ 71. Ra5 Rg8
72. Ra6+ Kc7 73. Rh6 Rg5 74. Rf6 Kb7 75. Rf7+ Kb6 76. Rf8 Rh5 1/2-1/2

[Event "Gibtelecom Masters"]
[Site "Gibraltar"]
[Date "2008.01.28"]
[Round "7.33"]
[White "Kandic, Milan"]
[Black "Muzychuk, Anna"]
[Result "0-1"]
[WhiteElo "2238"]
[BlackElo "2460"]
[PlyCount "52"]
[EventDate "2008.01.22"]

1. d4 Nf6 2. Nf3 e6 3. g3 c5 4. Bg2 cxd4 5. Nxd4 d5 6. O-O e5 7. Nb3 Be6 8. Bg5
Nbd7 9. e4 dxe4 10. Bxe4 Qc7 11. Bg2 Be7 12. Nc3 O-O 13. Nb5 Qb6 14. a4 Rad8
15. Qf3 Bd5 16. Qe3 Qc6 17. Bxf6 Nxf6 18. Bxd5 Nxd5 19. Qe2 a6 20. Na3 Bxa3 21.
Rxa3 Rfe8 22. Raa1 Nf4 23. gxf4 exf4 24. Qh5 Rd6 25. f3 Rg6+ 26. Kh1 Qxc2 0-1

[Event "Gibtelecom Masters"]
[Site "Gibraltar"]
[Date "2008.01.28"]
[Round "7.35"]
[White "Wippermann, Till"]
[Black "Astaneh Lopez, Alex"]
[Result "1-0"]
[WhiteElo "2435"]
[BlackElo "2346"]
[PlyCount "67"]
[EventDate "2008.01.22"]

1. e4 c5 2. Nf3 e6 3. d4 cxd4 4. Nxd4 a6 5. Bd3 Nf6 6. Qe2 Qb6 7. Nb3 d6 8. f4
Nc6 9. Be3 Qc7 10. N1d2 Be7 11. g4 e5 12. f5 h5 13. g5 Ng4 14. Nc4 Nxe3 15.
Qxe3 Nb4 16. Nb6 Rb8 17. Nd5 Nxd5 18. exd5 b5 19. h4 Qb6 20. Qe4 f6 21. g6 Bb7
22. O-O-O Rc8 23. Kb1 Bd8 24. Be2 Ke7 25. Nd4 Bc7 26. Ne6 Rcg8 27. c4 bxc4 28.
Rc1 Bc8 29. Rxc4 Bxe6 30. dxe6 Rb8 31. b3 Rhc8 32. Rc6 Qa5 33. Rhc1 d5 34. Qc2
1-0

[Event "Gibtelecom Masters"]
[Site "Gibraltar"]
[Date "2008.01.28"]
[Round "7.36"]
[White "Lovik, Lasse Ostebo"]
[Black "Dzagnidze, Nana"]
[Result "1-0"]
[WhiteElo "2052"]
[BlackElo "2429"]
[PlyCount "57"]
[EventDate "2008.01.22"]

1. e4 c5 2. Nf3 d6 3. d4 cxd4 4. Nxd4 Nf6 5. Nc3 e6 6. g4 Nc6 7. g5 Nd7 8. Ndb5
Nb6 9. Bf4 e5 10. Be3 Be6 11. Nd5 Bxd5 12. exd5 Ne7 13. c4 a6 14. Nc3 Nd7 15.
Bh3 g6 16. Qf3 Bg7 17. Ne4 Nc8 18. Kf1 O-O 19. Bxd7 Qxd7 20. Nf6+ Bxf6 21. gxf6
b5 22. Rc1 bxc4 23. Rxc4 Qb5 24. b3 Nb6 25. Bxb6 Qxb6 26. Qh3 Qd8 27. Qh4 Kh8
28. Rc3 h5 29. Rh3 1-0

[Event "Gibtelecom Masters"]
[Site "Gibraltar"]
[Date "2008.01.28"]
[Round "7.37"]
[White "Walton, Alan J"]
[Black "Bradford, Joseph M"]
[Result "0-1"]
[WhiteElo "2207"]
[BlackElo "2419"]
[PlyCount "66"]
[EventDate "2008.01.22"]

1. d4 e6 2. e4 d5 3. e5 c5 4. c3 Nc6 5. Nf3 Bd7 6. Be2 Nge7 7. O-O Nf5 8. g4
Nh4 9. Nxh4 Qxh4 10. f4 f6 11. Be3 cxd4 12. cxd4 Bb4 13. Nc3 O-O 14. Rc1 fxe5
15. fxe5 Qh3 16. Qd3 Ba5 17. Rxf8+ Rxf8 18. Nd1 Bb6 19. Qd2 Be8 20. Nf2 Qh4 21.
Rf1 h6 22. b4 Bg6 23. Bb5 Be8 24. Be2 a6 25. a4 Bg6 26. b5 axb5 27. Bxb5 Ba5
28. Qe2 Rc8 29. Rc1 Be8 30. Nd3 Qe7 31. g5 Nxd4 32. Qg4 Rxc1+ 33. Nxc1 Nf5 0-1